Rodelinda, queen of the Lombards (Record no. 118700)
[ view plain ]
| 000 -LEADER | |
|---|---|
| fixed length control field | 01679nam a2200337 a 4500 |
| 245 00 - TITLE STATEMENT | |
| Title | Rodelinda, queen of the Lombards |
| 260 ## - PUBLICATION, DISTRIBUTION, ETC. (IMPRINT) | |
| Place of publication | [Boca Raton, Fla.] : |
| Name of publisher | Opera Journeys Pub., |
| Year of publication | 2011. |
| 300 ## - PHYSICAL DESCRIPTION | |
| Number of Pages | 15 p. |
| 490 0# - SERIES STATEMENT | |
| Series statement | Opera journeys mini guide series |
| 500 ## - GENERAL NOTE | |
| General note | "Music by George Frederic Handel ; libretto, Antonio Salvi and Nicola Francesco Haym, after Pertharite, Roi des Lombards (1652), a play by Pierre Corneille (1606-1684)." |
| General note | "Adapted from the Opera journeys lecture series by Burton D. Fisher." |
| 650 #0 - SUBJECT ADDED ENTRY--TOPICAL TERM | |
| Topical Term | Opera programs. |
| 700 1# - ADDED ENTRY--PERSONAL NAME | |
| Personal name | Fisher, Burton D. |
| Personal name | Corneille, Pierre, |
| Personal name | Salvi, Antonio. |
| Personal name | Haym, Nicola Francesco. |
| Personal name | Handel, George Frideric, |
| 856 40 - ELECTRONIC LOCATION AND ACCESS | |
| Uniform Resource Identifier | http://site.ebrary.com/lib/rucke/Doc?id=10480941 |
No items available.
